000 00502cam a22001577a 4500
008 180718b1987 xxu||||| |||| 00| 0 eng d
082 _aB131 Y1/14
245 _aPerspectives in Urban geography: city planning
_cedited by C.S. Yadav
260 _aNew Delhi
_bConcepts Publishing Company
_c1987
300 _a14v, xiv, 326p
440 _aConcept's International Series In Geography; 3
650 _aUrban geography.
650 _aHuman geography
650 _aSociology, Urban
700 _aYadav, C.S.
999 _c408340
_d408340